Score 0/15 Timer 05:00
1 Play Today
Book % Correct
C5The Cat in the Hat
94.7%
A2Charlotte's Web
93.3%
C3The Catcher in the Rye
83.9%
A1Catch-22
80.3%
A5The Call of the Wild
77.1%
B3Curious George
77%
B1Charlie and the Chocolate Factory
76%
B4The Canterbury Tales
69.8%
Book % Correct
A4The Color Purple
68.9%
C4Catching Fire
68.8%
B2Crime and Punishment
62.7%
A3The Count of Monte Cristo
55.3%
C1The Cider House Rules
26.7%
B5Confessions of a Shopaholic
21.7%
C2Cry, The Beloved Country
20.2%
Remove Ads.
Support Sporcle.
Get the best of Sporcle when you Go Orange. This ad-free experience offers more features, more stats, and more fun while also helping to support Sporcle. Thank you for becoming a member.

You're not logged in!

Compare scores with friends on all Sporcle quizzes.
OR
Log In

Show Comments

Extras

Top Quizzes Today


Score Distribution

Your Account Isn't Verified!

In order to create a playlist on Sporcle, you need to verify the email address you used during registration. Go to your Sporcle Settings to finish the process.

Report this User

Report this user for behavior that violates our Community Guidelines.

Details: